000
00275nam a2200097Ia 4500
005
20251222114352.0
008
251222s1900||||xx |||||||||||||| ||spa||
082
_a
DVD0060/P95/2004
245
0
_a
Esplendor Americano: La Vida Ordinaria es Complicada:American Splendor
942
_c
DVD
999
_c
1285
_d
1285